[Event "Santo Domingo Independencia op 8th"]
[Site "Santo Domingo"]
[Date "2019.02.22"]
[Round "5"]
[White "Garcia Matos, Reynaldo Alexis"]
[Black "Polanco Nunez, Yoel Estarling"]
[Result "1/2-1/2"]
[WhiteElo "2140"]
[BlackElo "2238"]
[PlyCount "129"]
[EventDate "2019.02.15"]
[EventType "swiss"]
[EventRounds "8"]
[EventCountry "DOM"]
[SourceTitle "CBM 189 Extra"]
[Source "ChessBase"]
[SourceDate "2019.06.03"]
[SourceVersion "1"]
[SourceVersionDate "2019.06.03"]
[SourceQuality "1"]

1. d4 d5 2. c4 c6 3. Nf3 Nf6 4. Nc3 dxc4 5. a4 Bf5 6. Ne5 Nbd7 7. Nxc4 Nb6 8. Ne5 a5 9. g3 e6 10. Bg2 Bb4 11. 0-0 0-0 12. Nd3 Be7 13. e3 Nbd5 14. h3 Nxc3 15. bxc3 Be4 16. f3 Bd5 17. e4 Bc4 18. Rf2 Nd7 19. f4 f5 20. Nb2 Ba6 21. Qb3 Kh8 22. Qxe6 fxe4 23. Qxe4 Nf6 24. Qc2 c5 25. Be3 Nd5 26. Bd2 cxd4 27. cxd4 Bf6 28. Qc5 Nc7 29. Bxa5 Bxd4 30. Qxc7 Bxf2+ 31. Kh2 Qd4 32. Bc3 Rac8 33. Bxd4 Rxc7 34. Bxf2 Rc2 35. Bd4 Rd8 36. Re1 Kg8 37. Nd1 Rxd4 38. Ne3 Re2 39. Rxe2 Bxe2 40. Bxb7 Rxa4 41. Bg2 Kf8 42. Nd5 Rd4 43. Kg1 Bc4 44. Ne3 Bb5 45. Kh2 Bd3 46. Kg1 Rb4 47. h4 Rb1+ 48. Kf2 Rb2+ 49. Kf3 Bb5 50. Bf1 Bc6+ 51. Kg4 Rf2 52. Bc4 Bd7+ 53. f5 g6 54. Bd3 Kg7 55. h5 Kh6 56. hxg6 hxg6 57. Bb1 Rb2 58. Bc2 Rb5 59. Kf4 g5+ 60. Kf3 Bc6+ 61. Be4 Bxe4+ 62. Kxe4 Rb4+ 63. Ke5 g4 64. f6 Kg6 65. Nd5 1/2-1/2

[Event "Santo Domingo Independencia op 8th"]
[Site "Santo Domingo"]
[Date "2019.02.17"]
[Round "4"]
[White "Guzman, Christopher"]
[Black "Garcia Matos, Reynaldo Alexis"]
[Result "0-1"]
[WhiteElo "2256"]
[BlackElo "2140"]
[PlyCount "68"]
[EventDate "2019.02.15"]
[EventType "swiss"]
[EventRounds "8"]
[EventCountry "DOM"]
[SourceTitle "CBM 189 Extra"]
[Source "ChessBase"]
[SourceDate "2019.06.03"]
[SourceVersion "1"]
[SourceVersionDate "2019.06.03"]
[SourceQuality "1"]

1. d4 Nf6 2. Nf3 d6 3. g3 g6 4. Bg2 Bg7 5. 0-0 c6 6. b3 Nbd7 7. Bb2 0-0 8. Nbd2 d5 9. c4 a5 10. a3 a4 11. b4 dxc4 12. Nxc4 Nb6 13. Nfe5 Nfd7 14. Nxd7 Nxc4 15. Nxf8 Nxb2 16. Qc2 Qxd4 17. Rad1 Nxd1 18. Rxd1 Qe5 19. Nd7 Bxd7 20. Rxd7 Qa1+ 21. Bf1 Qxa3 22. Rxb7 Qc3 23. Qxc3 Bxc3 24. e3 a3 25. Bc4 a2 26. Bxa2 Rxa2 27. Rc7 Bxb4 28. Rxc6 Be1 29. f3 Bf2+ 30. Kh1 Bxe3 31. Rc3 Bd4 32. Rc7 e5 33. Rd7 Rd2 34. Rd6 g5 0-1

[Event "Santo Domingo Duarte Memorial 8th"]
[Site "Santo Domingo"]
[Date "2019.01.26"]
[Round "7"]
[White "Garcia Matos, Reynaldo Alexis"]
[Black "Crispin Ferreras, Darvi Abraham"]
[Result "1-0"]
[WhiteElo "2145"]
[BlackElo "2176"]
[PlyCount "73"]
[EventDate "2019.01.18"]
[EventType "swiss"]
[EventRounds "8"]
[EventCountry "DOM"]
[SourceTitle "CBM 188 Extra"]
[Source "ChessBase"]
[SourceDate "2019.02.26"]
[SourceVersion "1"]
[SourceVersionDate "2019.02.26"]
[SourceQuality "1"]

1. d4 Nf6 2. Bf4 c5 3. d5 d6 4. c4 g6 5. Nc3 Bg7 6. Qd2 h6 7. h4 Na6 8. e4 Nc7 9. Be2 a6 10. a4 Rb8 11. e5 dxe5 12. Bxe5 0-0 13. Bf4 Bd7 14. Nf3 h5 15. Ne5 Bf5 16. Qe3 Rc8 17. a5 Nce8 18. 0-0 Nd6 19. Rfe1 Re8 20. Bd3 Nd7 21. Nf3 Nf6 22. Qd2 Bxd3 23. Qxd3 b6 24. Ne5 Nf5 25. axb6 Qxb6 26. Na4 Qb7 27. Nc6 Nd7 28. Bg5 Bf6 29. Bxf6 exf6 30. Re4 Ne5 31. Nxc5 Qxc6 32. dxc6 Nxd3 33. Rxe8+ Rxe8 34. Nxd3 Ne7 35. Rxa6 Rd8 36. Nb4 Rb8 37. Nd5 1-0

[Event "Santo Domingo Duarte Memorial 8th"]
[Site "Santo Domingo"]
[Date "2019.01.26"]
[Round "6"]
[White "Perez Feliz, Jose Enrique"]
[Black "Garcia Matos, Reynaldo Alexis"]
[Result "0-1"]
[WhiteElo "1922"]
[BlackElo "2145"]
[PlyCount "54"]
[EventDate "2019.01.18"]
[EventType "swiss"]
[EventRounds "8"]
[EventCountry "DOM"]
[SourceTitle "CBM 188 Extra"]
[Source "ChessBase"]
[SourceDate "2019.02.26"]
[SourceVersion "1"]
[SourceVersionDate "2019.02.26"]
[SourceQuality "1"]

1. e4 e6 2. d4 d5 3. exd5 exd5 4. Bd3 Nf6 5. h3 c5 6. dxc5 Bxc5 7. Nf3 0-0 8. 0-0 Qd6 9. Nc3 Nc6 10. Bg5 h6 11. Bh4 g5 12. Nxg5 hxg5 13. Bxg5 Kg7 14. Qf3 Ne5 15. Bxf6+ Qxf6 16. Qxd5 Nxd3 17. Qxd3 Qg6 18. Qf3 Rh8 19. Kh1 Bf5 20. Rfe1 Rh4 21. Re5 Bxh3 22. Kg1 Bxg2 23. Qxg2 Rg4 24. Qxg4 Qxg4+ 25. Kf1 Rh8 26. Ke1 Rh1+ 27. Kd2 Qd4+ 0-1